|
|
|
|
| LEADER |
00000nab#a22000007a#4500 |
| 001 |
arbauad016371 |
| 003 |
AR-BaUAD |
| 005 |
20250711111510.0 |
| 008 |
960209|||||||||###||||||b###|0###a|spa|| |
| 040 |
|
|
|a AR-BaUAD
|c AR-BaUAD
|b spa
|
| 100 |
|
|
|a Baldassini, Niccolò
|
| 245 |
|
|
|a Jean Prouvé e Peter Rice a colloquio /
|c Niccolò Baldassini;
|
| 300 |
0 |
|
|b il., fot., vistas, cortes, detalles
|
| 653 |
|
|
|a FRANCIA
|
| 653 |
|
|
|a RICE, PETER
|
| 653 |
|
|
|a DUTTON, HUGH
|
| 653 |
|
|
|a ESTRUCTURAS METALICAS
|
| 653 |
|
|
|a HIGH TECH
|
| 773 |
0 |
|
|t L'arca
|g no. 64 [oct. 1992], p. 4-11
|
| 942 |
|
|
|c ARTI
|
| 952 |
|
|
|0 0
|1 0
|4 0
|7 0
|9 61291
|a AR-BAuAD
|b AR-BAuAD
|d 2025-07-11
|l 0
|p AAQA016371
|r 2025-07-11 11:15:10
|w 2025-07-11
|y ARTI
|
| 990 |
|
|
|a AQ199
|b TD
|
| 998 |
|
|
|a AAQ
|b BIBUN76
|
| 999 |
|
|
|c 40964
|d 40964
|